[Event "Bayern-ch Seniors 18th"]
[Site "Schloss Schney"]
[Date "2006.07.01"]
[Round "7"]
[White "Baessler, Arwed"]
[Black "Ziegler, Werner"]
[Result "1/2-1/2"]
[WhiteElo "1751"]
[BlackElo "1828"]
[PlyCount "77"]
[EventDate "2006.06.25"]
[EventType "swiss"]
[EventRounds "9"]
[EventCountry "GER"]
[SourceTitle "EXT 2007"]
[Source "ChessBase"]
[SourceDate "2006.11.23"]
[SourceVersion "1"]
[SourceVersionDate "2006.11.23"]
[SourceQuality "1"]

1. d4 Nf6 2. f4 d5 3. Nf3 Bf5 4. e3 Nbd7 5. Bd3 e6 6. Nbd2 Bxd3 7. cxd3 c5 8. dxc5 Bxc5 9. Nb3 Bb6 10. Bd2 0-0 11. 0-0 Rc8 12. Rc1 Rxc1 13. Qxc1 Qb8 14. Bc3 Qxf4 15. Nbd4 Qb8 16. Kh1 a6 17. Qd2 Bc7 18. Ne2 e5 19. Nh4 e4 20. g3 Be5 21. d4 Bc7 22. Nf5 Re8 23. Bb4 a5 24. Bxa5 g6 25. Bxc7 Qxc7 26. Rc1 Qb8 27. Nh4 Rc8 28. Ng2 g5 29. h3 Rxc1+ 30. Qxc1 Nf8 31. Qc5 N8d7 32. Qc1 h6 33. Kg1 Kg7 34. Kf1 Qd6 35. a3 Qe6 36. Ng1 Qd6 37. b3 Qb6 38. Qc3 Ne8 39. Ne1 1/2-1/2

[Event "Bayern-ch Seniors 18th"]
[Site "Schloss Schney"]
[Date "2006.06.30"]
[Round "6"]
[White "Ziegler, Werner"]
[Black "Walther, Diethelm"]
[Result "0-1"]
[WhiteElo "1828"]
[BlackElo "2036"]
[PlyCount "106"]
[EventDate "2006.06.25"]
[EventType "swiss"]
[EventRounds "9"]
[EventCountry "GER"]
[SourceTitle "EXT 2007"]
[Source "ChessBase"]
[SourceDate "2006.11.23"]
[SourceVersion "1"]
[SourceVersionDate "2006.11.23"]
[SourceQuality "1"]

1. e4 c5 2. Nf3 Nc6 3. d4 cxd4 4. Nxd4 g6 5. Nc3 Bg7 6. Be3 Nf6 7. Be2 d5 8. exd5 Nxd5 9. Nxd5 Qxd5 10. Bf3 Qa5+ 11. c3 Ne5 12. Be2 Bd7 13. f4 Nc6 14. 0-0 0-0 15. Nb3 Qc7 16. Bg4 f5 17. Bf3 e5 18. Bd5+ Kh8 19. fxe5 Bxe5 20. h3 Rfe8 21. Bf2 Bf6 22. Bxc6 Bxc6 23. Bd4 Qg7 24. Bxf6 Qxf6 25. Qd4 Kg7 26. Rfe1 Qxd4+ 27. Nxd4 Be4 28. Kf2 a6 29. Rad1 Re7 30. Rd2 Rae8 31. Red1 Kf6 32. Nf3 h6 33. Rd6+ Re6 34. R1d2 g5 35. g3 R8e7 36. R2d4 Bc6 37. Rd2 Rxd6 38. Rxd6+ Re6 39. Rd8 Ke7 40. Rd2 Kf6 41. Nd4 Rd6 42. Ke3 Be4 43. g4 Bb1 44. b3 f4+ 45. Kf2 Rd7 46. Rb2 Bg6 47. Nf3 Rd3 48. c4 Be4 49. Ng1 Rg3 50. Re2 Ke5 51. Re1 Rd3 52. Ne2 Rd2 53. Kg1 f3 0-1

[Event "Bayern-ch Seniors 16th"]
[Site "Schloss Schney"]
[Date "2004.06.12"]
[Round "7"]
[White "Ziegler, Werner"]
[Black "Luecke, Volkmar"]
[Result "1/2-1/2"]
[WhiteElo "1806"]
[BlackElo "1860"]
[PlyCount "52"]
[EventDate "2004.06.06"]
[EventType "swiss"]
[EventRounds "9"]
[EventCountry "GER"]
[SourceTitle "EXT 2006"]
[Source "ChessBase"]
[SourceDate "2005.11.24"]
[SourceVersion "1"]
[SourceVersionDate "2005.11.24"]
[SourceQuality "1"]

1. e4 e6 2. d4 d5 3. Nd2 dxe4 4. Nxe4 Nd7 5. Nf3 Ngf6 6. Nxf6+ Nxf6 7. Bd3 c5 8. 0-0 Qc7 9. Qe2 Bd7 10. dxc5 Bxc5 11. Ne5 a6 12. Nxd7 Nxd7 13. Bd2 Bd6 14. h3 Nc5 15. Rad1 Nxd3 16. Qxd3 Rd8 17. Qb3 0-0 18. Be3 Rd7 19. Bb6 Qc6 20. c3 Rc8 21. Rfe1 Bc7 22. Rxd7 Qxd7 23. Rd1 Qc6 24. Bxc7 Qxc7 25. Rd4 g6 26. Qd1 Qe5 1/2-1/2